000
00288nam a22001337a 4500
020
_a
978-93-80078-50-2
082
_a
823
_b
MOO/H
100
_a
MOORE, PATRICIA
245
_a
HORROR STORIES
260
_a
DELHI
_b
MAANU GRAPHICS
300
_a
224
650
_a
STORY BOOK
_z
INDIA
942
_c
BK
999
_c
3536
_d
3536